Регионална библиотека "Любен Каравелов" - Русе

Opportunities (Запис номер 52564)

MARC детайли
000 -Лидер
Контролно поле с фиксирана дължина 01015nam a2200313 c 4500
003 - Код на организацията, давaща контролен номер
Контролно поле BLK
005 - Дата и час на последна редакция
Контролно поле 20180420222242.0
008 - Елементи от данни с фиксирана дължина
fixed length control field 180408b bul|||||r ||||||| ||bul||
010 ## - Наследен системен номер
LC control number KNG00056488000
020 ## - Международен стандартен номер на книга ISBN
Международен стандартен номер на книга ISBN 0-582-77650-3
-- издат.: Longman - на том
040 ## - Източник на каталожния запис
Идентификатор на билиотеката - собственик на записа BLK
041 ## - Код за език
Код за езика на текст/звукозапис или на отделно заглавие Английски
Код за езика КДБФ Английски
080 ## - УДК
Текстов определител УДК Английски език
УДК код - определител по УДК 811.111
УДК определител (075.4)
УДК - код + определител 811.111(075.4)
139 ## - Редно поле
Редна дума Opportunities
Авторски знак Opp - O 65
245 10 - Сведения за заглавието
Заглавие Opportunities
Том Upper Intermediate
Заглавие на том Test Book
257 ## - Страна на издаване
Страна на създаване/издаване Великобритания
260 ## - Област на издателските данни
-- Harlow
Година на издаване 2005
Печатница отпеч. в Испания
300 ## - Физическа характеристика
Размери/Мащаб 28 см
380 ## - Жанр
Жанр Езикознание. Филология
650 #4 - Допълнително описание по предмет – тема
Основно описание – тема или топоним Английски език - учебни помагала
9 (RLIN) 243996
653 ## - Ключова дума – ненормативна
Ключова дума английски език
653 ## - Ключова дума – ненормативна
Ключова дума учебни помагала
760 1# - Описание на основната серия
-- - на том
Място на издаване, издател и година Longman, 2005
Страници - том 62 с.
Заглавие Upper Intermediate Test Book
852 ## - Местоположение
Форматна сигнатура Цб ІІ 13448
856 4# - Електронен адрес и достъп
Електронен формат pdf - файл
Път до файла /url/
856 4# - Електронен адрес и достъп
Електронен формат pdf - файл
Път до файла /url/
942 ## - АРТИКУЛИ
Вид на библиотечния материал Книги
Скрит в OPAC Не
944 ## - СЪЗДАВАНЕ И РЕДАКЦИЯ на ЗАПИСА
Създаване/Редакция Създаване
Дата на регистрацията/редакция 09.11.2005
Служител, извършил регистрацията/редакцията Теодора_Стоянова
944 ## - СЪЗДАВАНЕ И РЕДАКЦИЯ на ЗАПИСА
Създаване/Редакция Редакция
Дата на регистрацията/редакция 12.12.2007
Служител, извършил регистрацията/редакцията
999 ## - СИСТЕМНИ КОНТРОЛНИ НОМЕРА
Koha biblionumber 52564
Koha biblioitemnumber 52564
Наличности
Код за отписване Код за изгубен артикул Код за повреда Коз за рестрикции Код за отдаване Артикулен № Име на библиотеката - собственик Име на библиотеката, в която се намира в момента Статус (Текущо местоположение) Дата на вписване в системата Местоположение - отдел Цена в лева Инвентарен номер Систематично азбучна сигнатура Баркод Номер на екземпляра Цена в евро Служебна бележка Служебен тип на артикула
  Не е изгубен Не е повреден без рестрикции заемане за дома 82801 Регионална библиотека "Любен Каравелов" Русе Регионална библиотека "Любен Каравелов" Русе ЧЧЗО - англ. ез. - Британски съвет 2005-11-09 ЧЧЗО - англ. ез. - Британски съвет 16.55 120000697970 Ч3 802.0/Н 30 120000697970 1 8.46 Дост: Pk Вид: Ф N: 5081 Дата: 01.11.2005 Дата инв: 17.03.2015 Бележки инв: Ч32015 Книги
Vip Innovations Ltd, Rousse, Bulgaria 2025